000 01314nam a2200385 c 4500
001 15972
003 ES-MaCES
005 20150929131724.0
008 040120s2003 sp t 000 | spa d
017 _aSE 2776-2003
_bDL
020 _a8495118866
035 _aCES20040000426m
040 _aES-MaCES
_bspa
_cES-MaCES
100 1 _aGil y Gil, José Luis
_913401
245 1 0 _aPrincipio de la buena fe y poderes del empresario
_cJosé Luis Gil y Gil
260 _aSevilla
_bConsejo Andaluz de Relaciones Laborales
_bMergablum
_c[2003]
300 _a402 p.
_c24 cm
490 1 _aMonografías de temas laborales
_v11
504 _aBibliografía: p. 341-402
541 _cCompra
650 4 _arepresentación de buena fe
_929794
650 4 _aempresario
_928188
650 4 _apoder empresarial
_930600
650 4 _aderechos de la dirección
_929896
650 4 _aderecho del trabajo
_927165
650 4 _aderecho constitucional
_927158
650 4 _aEspaña
_926964
653 1 0 _aDerecho del trabajo y Seguridad Social
650 4 _928371
_aactitud de la dirección
710 2 _aConsejo Andaluz de Relaciones Laborales
_eed.
_92337
830 0 _aMonografías de temas laborales
_v11
_933850
902 _aLIB Libro
942 _2CES
_cBK
_h6.0.1.
999 _c15972
_d15972